[Event "Titled Tuesday intern op 06th May Early"]
[Site "Chess.com INT"]
[Date "2025.05.06"]
[Round "6"]
[White "Dovgaliuk, Oleksandr"]
[Black "Luba, Lukasz"]
[Result "0-1"]
[WhiteElo "2240"]
[BlackElo "2104"]
[PlyCount "68"]
[EventDate "2025.05.06"]
[EventType "swiss (blitz)"]
[EventRounds "11"]
[EventCountry "USA"]
[SourceTitle "CB20_2025"]
[SourceDate "2025.05.14"]
[SourceVersion "1"]
[SourceVersionDate "2025.05.14"]
[SourceQuality "1"]

1. c4 c6 2. e4 d5 3. cxd5 cxd5 4. exd5 Nf6 5. Nc3 g6 6. Bb5+ Bd7 7. Qa4 Bg7 8. Nf3 0-0 9. 0-0 a6 10. d4 Bxb5 11. Nxb5 Nxd5 12. Nc3 Nc6 13. Qb3 e6 14. Bg5 Qd6 15. Nxd5 Qxd5 16. Qxd5 exd5 17. Rfd1 Rfe8 18. Kf1 Re4 19. Be3 Rae8 20. Rac1 f5 21. g3 h6 22. Rc5 Rd8 23. a3 g5 24. Nd2 Re6 25. Nb3 b6 26. Rc3 Rf8 27. f4 Rfe8 28. Kf2 g4 29. Re1 Nxd4 30. Nxd4 Rxe3 31. Rexe3 Bxd4 32. Ke2 Bxe3 33. Rxe3 Re4 34. Kd3 Kf7 0-1

[Event "Titled Tuesday intern op 06th May Early"]
[Site "Chess.com INT"]
[Date "2025.05.06"]
[Round "5"]
[White "Turzo, Attila"]
[Black "Luba, Lukasz"]
[Result "1/2-1/2"]
[WhiteElo "2254"]
[BlackElo "2104"]
[PlyCount "96"]
[EventDate "2025.05.06"]
[EventType "swiss (blitz)"]
[EventRounds "11"]
[EventCountry "USA"]
[SourceTitle "CB20_2025"]
[SourceDate "2025.05.14"]
[SourceVersion "1"]
[SourceVersionDate "2025.05.14"]
[SourceQuality "1"]

1. e4 d5 2. exd5 Nf6 3. d4 Bg4 4. Nf3 Qxd5 5. Be2 e6 6. Be3 Nc6 7. Nbd2 Bd6 8. c4 Qh5 9. Qb3 Na5 10. Qa4+ Nc6 11. h3 0-0 12. 0-0-0 Bxf3 13. Bxf3 Qg6 14. Qc2 Nb4 15. Qxg6 hxg6 16. a3 Nc6 17. Ne4 Na5 18. Nd2 Rab8 19. b4 Nc6 20. Kb2 Rfd8 21. Ne4 Be7 22. Nc5 a5 23. Nxb7 Rxb7 24. Bxc6 Rb6 25. b5 a4 26. d5 Rbb8 27. Ba7 exd5 28. Bxb8 Rxb8 29. Bxd5 Bd6 30. Ka2 Nd7 31. Rhe1 Nc5 32. Bc6 g5 33. Re8+ Rxe8 34. Bxe8 Kf8 35. Bc6 Ke7 36. g3 Kf6 37. Re1 Kf5 38. Bd5 f6 39. Re2 g6 40. Kb2 g4 41. h4 Nd3+ 42. Kc3 Ne5 43. Kd4 Bxa3 44. c5 Bb2+ 45. Ke3 Bc1+ 46. Kd4 Bb2+ 47. Ke3 Bc1+ 48. Kd4 Bb2+ 1/2-1/2

[Event "POL-ch Rapid"]
[Site "Lublin"]
[Date "2024.10.05"]
[Round "8"]
[White "Luba, Lukasz"]
[Black "Nasuta, Grzegorz"]
[Result "0-1"]
[WhiteElo "2104"]
[BlackElo "2545"]
[PlyCount "84"]
[EventDate "2024.10.05"]
[EventType "swiss (rapid)"]
[EventRounds "9"]
[EventCountry "POL"]
[SourceTitle "CB45_2024"]
[Source "ChessBase"]
[SourceDate "2024.11.06"]
[SourceVersion "1"]
[SourceVersionDate "2024.11.06"]
[SourceQuality "1"]

1. Nf3 d5 2. d4 Nf6 3. c4 c6 4. Nc3 dxc4 5. a4 Bf5 6. e3 e6 7. Bxc4 Bb4 8. 0-0 Nbd7 9. Qb3 a5 10. Re1 0-0 11. Bd2 h6 12. Ne2 Qe7 13. Ng3 Bh7 14. e4 Nb6 15. Bd3 Nfd7 16. Re3 Bxd2 17. Nxd2 Rfd8 18. f4 Qb4 19. Qxb4 axb4 20. a5 c5 21. Bb5 cxd4 22. Rb3 e5 23. f5 Nc5 24. Rxb4 Nc8 25. Nc4 f6 26. Nd2 Nd6 27. Bc4+ Kf8 28. Bd5 Bg8 29. Rc1 Rxa5 30. Bxg8 Kxg8 31. Nb3 Nxb3 32. Rxb3 Rb5 33. Rxb5 Nxb5 34. Rc5 d3 35. Nf1 Nd6 36. Nd2 Nxe4 37. Nxe4 d2 38. Nxd2 Rxd2 39. Rc8+ Kh7 40. b4 Rd4 41. b5 Rd5 42. b6 Rd6 0-1

[Event "Titled Tuesday intern op 24th Sep Late"]
[Site "Chess.com INT"]
[Date "2024.09.24"]
[Round "10"]
[White "Luba, Lukasz"]
[Black "Argandona Riveiro, Inigo"]
[Result "1-0"]
[WhiteElo "2067"]
[BlackElo "2334"]
[PlyCount "59"]
[EventDate "2024.09.24"]
[EventType "swiss (blitz)"]
[EventRounds "11"]
[EventCountry "USA"]
[SourceTitle "EXT 2025"]
[Source "ChessBase"]
[SourceDate "2024.10.14"]
[SourceVersion "1"]
[SourceVersionDate "2024.10.14"]
[SourceQuality "1"]

1. Nf3 d6 2. g3 e5 3. Bg2 f5 4. d3 Be7 5. e4 Nf6 6. exf5 Bxf5 7. Be3 0-0 8. Nc3 Kh8 9. Nh4 Bc8 10. h3 d5 11. d4 e4 12. Ne2 Ne8 13. Nf4 g5 14. Nhg6+ hxg6 15. Nxg6+ Kg7 16. Nxf8 Bxf8 17. Qh5 Be7 18. h4 gxh4 19. Bh6+ Kg8 20. Qg6+ Kh8 21. 0-0-0 Nd7 22. Rxh4 Bxh4 23. Rh1 Nf8 24. Bxf8 Qf6 25. Rxh4+ Qxh4 26. gxh4 Bd7 27. h5 a5 28. h6 Ra6 29. Bg7+ Kg8 30. h7# 1-0

[Event "Titled Tuesday intern op 24th Sep Late"]
[Site "Chess.com INT"]
[Date "2024.09.24"]
[Round "2"]
[White "Luba, Lukasz"]
[Black "Kokoszczynski, Jan"]
[Result "0-1"]
[WhiteElo "2067"]
[BlackElo "2329"]
[PlyCount "48"]
[EventDate "2024.09.24"]
[EventType "swiss (blitz)"]
[EventRounds "11"]
[EventCountry "USA"]
[SourceTitle "EXT 2025"]
[Source "ChessBase"]
[SourceDate "2024.10.14"]
[SourceVersion "1"]
[SourceVersionDate "2024.10.14"]
[SourceQuality "1"]

1. d4 Nf6 2. Bf4 g6 3. e3 d6 4. Bd3 Bg7 5. h4 Nc6 6. Nf3 Bg4 7. Be2 0-0 8. Nbd2 Re8 9. Bg5 e5 10. c3 h6 11. Bxf6 Qxf6 12. Qc2 exd4 13. cxd4 Nb4 14. Qb3 c5 15. a3 Nc6 16. 0-0-0 cxd4 17. Kb1 dxe3 18. fxe3 Rxe3 19. Qa2 Rxe2 20. Rhf1 Bf5+ 21. Ka1 Rc8 22. g4 Be6 23. Qb1 Re3 24. Nc4 Bxc4 0-1

[Event "Titled Tuesday intern op 24th Sep Late"]
[Site "Chess.com INT"]
[Date "2024.09.24"]
[Round "5"]
[White "Luba, Lukasz"]
[Black "Przybylski, Wojciech"]
[Result "0-1"]
[WhiteElo "2067"]
[BlackElo "2308"]
[PlyCount "94"]
[EventDate "2024.09.24"]
[EventType "swiss (blitz)"]
[EventRounds "11"]
[EventCountry "USA"]
[SourceTitle "EXT 2025"]
[Source "ChessBase"]
[SourceDate "2024.10.14"]
[SourceVersion "1"]
[SourceVersionDate "2024.10.14"]
[SourceQuality "1"]

1. d4 d5 2. Nf3 Nf6 3. Bf4 e6 4. e3 Be7 5. c3 0-0 6. Nbd2 a5 7. Bd3 a4 8. Qc2 c5 9. dxc5 Nbd7 10. 0-0 Nxc5 11. Be2 b6 12. b4 Nce4 13. a3 Ba6 14. Bxa6 Rxa6 15. c4 Ra8 16. cxd5 Qxd5 17. Rad1 Rfc8 18. Qb2 Nc3 19. Nd4 Nxd1 20. Rxd1 Qh5 21. N4f3 Nd5 22. Be5 Bf6 23. Bxf6 Nxf6 24. Kf1 Qb5+ 25. Ke1 Rd8 26. Nd4 Qh5 27. Nc6 Rd6 28. b5 Qxh2 29. Ke2 Qxg2 30. Qe5 Qg4+ 31. f3 Qg2+ 32. Ke1 Rd7 33. Qf4 h6 34. e4 Qg5 35. Qh2 Qe3+ 36. Kf1 Qd3+ 37. Kg1 Qxb5 38. Ne5 Rd6 39. Rb1 Qc5+ 40. Kh1 Rad8 41. Nec4 Rd4 42. Rb4 b5 43. e5 Nd5 44. Ne4 Rxe4 45. fxe4 Nxb4 46. Nd6 Nc6 47. Qf4 Nxe5 0-1

[Event "Titled Tuesday intern op 17th Sep Early"]
[Site "Chess,com INT"]
[Date "2024.09.17"]
[Round "1"]
[White "Jumanov, Elbek"]
[Black "Luba, Lukasz"]
[Result "0-1"]
[WhiteElo "2155"]
[BlackElo "2067"]
[PlyCount "46"]
[EventDate "2024.09.17"]
[EventType "swiss (blitz)"]
[EventRounds "11"]
[EventCountry "USA"]
[SourceTitle "EXT 2025"]
[Source "ChessBase"]
[SourceDate "2024.10.14"]
[SourceVersion "1"]
[SourceVersionDate "2024.10.14"]
[SourceQuality "1"]

1. c4 c6 2. Nf3 d5 3. d4 Bf5 4. g3 e6 5. Bg2 Bd6 6. 0-0 Nf6 7. b3 Nbd7 8. Bb2 Qe7 9. Nc3 h5 10. h4 Ne4 11. Nd2 Nxc3 12. Bxc3 g5 13. Nf3 gxh4 14. Nxh4 Be4 15. e3 0-0-0 16. Be1 Rdg8 17. f4 Qxh4 18. cxd5 Rxg3 19. Bxg3 Qxg3 20. Rf2 Rg8 21. Qf1 Qxe3 22. Kh2 Bxf4+ 23. Kg1 Rxg2+ 0-1

[Event "Titled Tuesday intern op 17th Sep Early"]
[Site "Chess,com INT"]
[Date "2024.09.17"]
[Round "10"]
[White "Kazantzoglou, Stefanos"]
[Black "Luba, Lukasz"]
[Result "1-0"]
[WhiteElo "2139"]
[BlackElo "2067"]
[PlyCount "43"]
[EventDate "2024.09.17"]
[EventType "swiss (blitz)"]
[EventRounds "11"]
[EventCountry "USA"]
[SourceTitle "EXT 2025"]
[Source "ChessBase"]
[SourceDate "2024.10.14"]
[SourceVersion "1"]
[SourceVersionDate "2024.10.14"]
[SourceQuality "1"]

1. e4 c6 2. Nc3 d5 3. Nf3 Bg4 4. h3 Bh5 5. exd5 cxd5 6. g4 Bg6 7. Ne5 Nc6 8. Bb5 Qd6 9. d4 a6 10. Bxc6+ bxc6 11. Bf4 Qf6 12. Qd2 h6 13. 0-0-0 Be4 14. Nxe4 dxe4 15. d5 Rd8 16. Nxc6 Rxd5 17. Qxd5 Qxf4+ 18. Kb1 f6 19. Nd8 Qd6 20. Qf7+ Kxd8 21. Rxd6+ exd6 22. Qxf8+ 1-0

[Event "Titled Tuesday intern op 17th Sep Late"]
[Site "Chess,com INT"]
[Date "2024.09.17"]
[Round "1"]
[White "Luba, Lukasz"]
[Black "Brilej, Jaka"]
[Result "0-1"]
[WhiteElo "2067"]
[BlackElo "2280"]
[PlyCount "168"]
[EventDate "2024.09.17"]
[EventType "swiss (blitz)"]
[EventRounds "11"]
[EventCountry "USA"]
[SourceTitle "EXT 2025"]
[Source "ChessBase"]
[SourceDate "2024.10.14"]
[SourceVersion "1"]
[SourceVersionDate "2024.10.14"]
[SourceQuality "1"]

1. d4 Nf6 2. Nf3 c5 3. c3 d5 4. h3 Nc6 5. Bf4 Qb6 6. Qb3 c4 7. Qxb6 axb6 8. Nbd2 Bf5 9. Ne5 h6 10. g4 Bh7 11. Bg2 e6 12. Nxc6 bxc6 13. Nxc4 b5 14. Ne5 Ra6 15. 0-0 Nd7 16. Nd3 h5 17. Nb4 Bxb4 18. cxb4 hxg4 19. hxg4 0-0 20. a3 Nb6 21. Rac1 Nc4 22. e4 Nxb2 23. Rc2 Nc4 24. Ra1 Bxe4 25. Bxe4 dxe4 26. Re2 f5 27. Bc1 Rd8 28. Be3 Rda8 29. Kg2 Rxa3 30. Rb1 Ra2 31. Ree1 Kf7 32. Kg3 Kf6 33. g5+ Kf7 34. Kf4 Nxe3 35. fxe3 Rf2+ 36. Kg3 Rf3+ 37. Kg2 Ra2+ 38. Kh1 Rh3+ 39. Kg1 Rg3+ 40. Kf1 Rxg5 41. Rbc1 Rh5 42. Kg1 Ra6 43. Rc5 Rh3 44. Re2 Rf3 45. Kg2 g5 46. Re5 g4 47. Rc5 Ke7 48. Rec2 Kd7 49. R5c3 Rh3 50. Rd2 Rh8 51. Rdc2 Rc8 52. Kg3 Ra1 53. Kf4 Rf1+ 54. Ke5 Rf3 55. Rh2 Re8 56. Rh7+ Re7 57. Rxe7+ Kxe7 58. Rxc6 g3 59. Rc7+ Kd8 60. Kd6 g2 61. Rg7 Kc8 62. Rxg2 Rxe3 63. Kc6 Rc3+ 64. Kxb5 f4 65. Rg4 Rf3 66. Kc6 Kd8 67. Kd6 Kc8 68. Kxe6 e3 69. Rg1 e2 70. Re1 Re3+ 71. Kd6 f3 72. Kc6 f2 73. Rh1 Rc3+ 74. Kb6 e1Q 75. Rh8+ Kd7 76. Rh7+ Kd6 77. Rh6+ Kd5 78. Rh5+ Kxd4 79. Kb5 Qe2+ 80. Ka4 Qxh5 81. b5 Rc4+ 82. Ka5 f1Q 83. Ka6 Qa1+ 84. Kb7 Qxb5# 0-1

[Event "Titled Tuesday intern op 17th Sep Early"]
[Site "Chess,com INT"]
[Date "2024.09.17"]
[Round "3"]
[White "Luba, Lukasz"]
[Black "Jeet, Jain"]
[Result "1-0"]
[WhiteElo "2067"]
[BlackElo "2301"]
[PlyCount "57"]
[EventDate "2024.09.17"]
[EventType "swiss (blitz)"]
[EventRounds "11"]
[EventCountry "USA"]
[SourceTitle "EXT 2025"]
[Source "ChessBase"]
[SourceDate "2024.10.14"]
[SourceVersion "1"]
[SourceVersionDate "2024.10.14"]
[SourceQuality "1"]

1. d4 Nf6 2. Nf3 g6 3. Bf4 Bg7 4. c3 d6 5. Nbd2 b6 6. e4 Bb7 7. Bd3 e6 8. 0-0 Nbd7 9. e5 dxe5 10. dxe5 Nh5 11. Bg5 f6 12. exf6 Bxf6 13. Bh6 Qe7 14. Qa4 Ng7 15. Rfe1 0-0 16. Bc4 Nc5 17. Qc2 Kh8 18. b4 Nf5 19. Bxf8 Rxf8 20. bxc5 Qxc5 21. Bxe6 Nd6 22. Rad1 b5 23. Bb3 Bxc3 24. Re7 Nf5 25. Re5 Qb4 26. a3 Qa5 27. Nc4 Qa6 28. Qxc3 bxc4 29. Rxf5+ 1-0

[Event "POL-chT 2nd League"]
[Site "Jastrzebia Gora"]
[Date "2024.09.05"]
[Round "6.20"]
[White "Grzesik, Gracjan"]
[Black "Luba, Lukasz"]
[Result "1-0"]
[WhiteElo "2184"]
[BlackElo "2068"]
[PlyCount "143"]
[EventDate "2024.08.31"]
[EventType "team-swiss"]
[EventRounds "9"]
[EventCountry "POL"]
[SourceTitle "EXT 2025"]
[Source "ChessBase"]
[SourceDate "2024.10.14"]
[SourceVersion "1"]
[SourceVersionDate "2024.10.14"]
[SourceQuality "1"]
[WhiteTeam "Koszalin Hetman Politechnika"]
[BlackTeam "Radkow Giecek"]
[WhiteTeamCountry "POL"]
[BlackTeamCountry "POL"]

1. c4 e6 2. Nc3 d5 3. d4 Nf6 4. cxd5 exd5 5. Bg5 Be7 6. e3 c6 7. Bd3 Nbd7 8. Nge2 Nf8 9. Qc2 Bd7 10. 0-0 Ne6 11. Bh4 h5 12. f3 g5 13. Bg3 Rg8 14. Be5 h4 15. Rad1 Ng7 16. Bxf6 Bxf6 17. e4 Be6 18. e5 Be7 19. f4 gxf4 20. Nxf4 Qb6 21. Kh1 Bg4 22. Rd2 Bg5 23. Ncxd5 cxd5 24. Nxd5 Rc8 25. Nxb6 Rxc2 26. Rxc2 axb6 27. Rc7 Bd7 28. Rxb7 Ne6 29. d5 Nc5 30. Rb8+ Bd8 31. Be2 Rg5 32. b4 Ne4 33. e6 fxe6 34. dxe6 Bxe6 35. Bf3 Re5 36. Bxe4 Rxe4 37. Rd1 Bd5 38. Rxd8+ Kxd8 39. Rxd5+ Ke7 40. h3 Rxb4 41. Rd2 Rb1+ 42. Kh2 Kf6 43. Rd4 b5 44. Rxh4 b4 45. Rf4+ Kg5 46. Rf3 Rb2 47. Rb3 Rxa2 48. Rxb4 Kh5 49. Re4 Rb2 50. Kg3 Rb3+ 51. Kf2 Ra3 52. Re3 Ra5 53. g3 Rf5+ 54. Kg2 Ra5 55. h4 Rb5 56. Kh3 Rb6 57. g4+ Kh6 58. Kg3 Ra6 59. h5 Ra1 60. Re6+ Kh7 61. Kh4 Ra4 62. Rf6 Kg7 63. Rf5 Ra6 64. Kg5 Rb6 65. Rc5 Rb7 66. h6+ Kg8 67. Rc6 Rb4 68. Rc8+ Kh7 69. Rc7+ Kh8 70. Kh5 Rb1 71. g5 Rb2 72. Rc8+ 1-0

[Event "POL-chT 2nd League"]
[Site "Jastrzebia Gora"]
[Date "2024.09.03"]
[Round "4.14"]
[White "Flak, Pawel"]
[Black "Luba, Lukasz"]
[Result "1/2-1/2"]
[WhiteElo "2160"]
[BlackElo "2068"]
[PlyCount "44"]
[EventDate "2024.08.31"]
[EventType "team-swiss"]
[EventRounds "9"]
[EventCountry "POL"]
[SourceTitle "EXT 2025"]
[Source "ChessBase"]
[SourceDate "2024.10.14"]
[SourceVersion "1"]
[SourceVersionDate "2024.10.14"]
[SourceQuality "1"]
[WhiteTeam "Skoczek Trojanski"]
[BlackTeam "Radkow Giecek"]
[WhiteTeamCountry "POL"]
[BlackTeamCountry "POL"]

1. d4 d5 2. Nf3 Nf6 3. c4 c6 4. g3 Bf5 5. Qb3 Qb6 6. c5 Qxb3 7. axb3 Nbd7 8. Nbd2 h6 9. b4 g5 10. b5 Bg7 11. bxc6 bxc6 12. Ra6 Nb8 13. Ra3 Nfd7 14. b4 0-0 15. Bb2 a5 16. Bc3 axb4 17. Rxa8 bxc3 18. Nb3 g4 19. Nh4 Bc2 20. Na1 Bh7 21. Nb3 Bc2 22. Na1 Bh7 1/2-1/2

[Event "Titled Tuesday intern op 03rd Sep Late"]
[Site "Chess.com INT"]
[Date "2024.09.03"]
[Round "4"]
[White "Schulz, Karsten"]
[Black "Luba, Lukasz"]
[Result "1-0"]
[WhiteElo "2166"]
[BlackElo "2067"]
[PlyCount "95"]
[EventDate "2024.09.03"]
[EventType "swiss (blitz)"]
[EventRounds "11"]
[EventCountry "USA"]
[SourceTitle "EXT 2025"]
[Source "ChessBase"]
[SourceDate "2024.10.14"]
[SourceVersion "1"]
[SourceVersionDate "2024.10.14"]
[SourceQuality "1"]

1. Nf3 d5 2. c4 d4 3. g3 c5 4. b4 cxb4 5. a3 b3 6. Qxb3 Nc6 7. Bg2 e5 8. d3 Be7 9. 0-0 Nf6 10. a4 0-0 11. a5 Nxa5 12. Qa4 Nc6 13. Ba3 Bd7 14. Nbd2 a6 15. Rfb1 b5 16. Bxe7 Nxe7 17. cxb5 Bxb5 18. Qa3 Nc6 19. Nxe5 Nxe5 20. Bxa8 Bxd3 21. exd3 Qxa8 22. Re1 Nfg4 23. Qxa6 Qxa6 24. Rxa6 Nxd3 25. Re2 Rc8 26. h3 Nge5 27. Kg2 g5 28. Rd6 Rc1 29. Nf3 Nxf3 30. Kxf3 Ne1+ 31. Kg4 d3 32. Re8+ Kg7 33. Kxg5 d2 34. Red8 Rc4 35. f4 Nf3+ 36. Kg4 Nh2+ 37. Kf5 Nf3 38. Rd3 Rc5+ 39. R8d5 Rc1 40. Rxf3 d1Q 41. Rxd1 Rxd1 42. Re3 Rd5+ 43. Re5 Rd3 44. Kg4 Kg6 45. Rc5 h5+ 46. Kh4 Rf3 47. Rg5+ Kf6 48. Rxh5 1-0

[Event "Titled Tuesday intern op 27th Aug Early"]
[Site "Chess.com INT"]
[Date "2024.08.27"]
[Round "1"]
[White "Luba, Lukasz"]
[Black "Dai, Changren"]
[Result "0-1"]
[WhiteElo "2068"]
[BlackElo "2532"]
[PlyCount "76"]
[EventDate "2024.08.27"]
[EventType "swiss (blitz)"]
[EventRounds "11"]
[EventCountry "USA"]
[SourceTitle "EXT 2025"]
[Source "ChessBase"]
[SourceDate "2024.10.14"]
[SourceVersion "1"]
[SourceVersionDate "2024.10.14"]
[SourceQuality "1"]

1. e3 g6 2. f4 Bg7 3. Nf3 Nf6 4. d4 0-0 5. Bd3 c5 6. c3 Nc6 7. 0-0 b6 8. e4 d5 9. e5 Ne4 10. Nbd2 cxd4 11. cxd4 Nb4 12. Nxe4 Nxd3 13. Qxd3 Bf5 14. Nf6+ exf6 15. Qb3 Rc8 16. Bd2 Bc2 17. Qe3 Be4 18. Bb4 Re8 19. Nd2 Bf5 20. h3 Qd7 21. Rac1 a5 22. Rxc8 Rxc8 23. Bc3 Qa4 24. g4 Bd7 25. f5 Re8 26. Qf3 fxe5 27. fxg6 fxg6 28. dxe5 Be6 29. Nb3 Rf8 30. Qg2 Rxf1+ 31. Qxf1 Qe4 32. Nd4 Bd7 33. Nf3 d4 34. Bxd4 Bc6 35. Qc4+ Kh8 36. Qe6 Qxf3 37. Qc8+ Bf8 38. e6+ Kg8 0-1

[Event "Titled Tuesday intern op 27th Aug Early"]
[Site "Chess.com INT"]
[Date "2024.08.27"]
[Round "4"]
[White "Luba, Lukasz"]
[Black "Medina Paz, Miguel"]
[Result "0-1"]
[WhiteElo "2068"]
[BlackElo "2368"]
[PlyCount "92"]
[EventDate "2024.08.27"]
[EventType "swiss (blitz)"]
[EventRounds "11"]
[EventCountry "USA"]
[SourceTitle "EXT 2025"]
[Source "ChessBase"]
[SourceDate "2024.10.14"]
[SourceVersion "1"]
[SourceVersionDate "2024.10.14"]
[SourceQuality "1"]

1. d4 Nf6 2. Bf4 g6 3. e3 Bg7 4. c3 0-0 5. h3 d6 6. Nf3 Nbd7 7. Nbd2 b6 8. Qc2 Bb7 9. Bc4 e6 10. 0-0-0 d5 11. Bd3 c5 12. Kb1 c4 13. Be2 b5 14. Ka1 Qb6 15. g4 a5 16. Rdg1 b4 17. h4 a4 18. cxb4 a3 19. b3 c3 20. Nb1 Rfc8 21. Bd3 Qxb4 22. Ng5 h6 23. Nxf7 Kxf7 24. Bxg6+ Ke7 25. g5 hxg5 26. hxg5 Ne4 27. Rh7 Rg8 28. Bxe4 dxe4 29. g6 Ba6 30. Nxc3 Rac8 31. Rc1 Bd3 32. Qd2 Nf6 33. Bg5 Qb7 34. Rch1 Qc6 35. Ne2 Qc2 36. Qxc2 Rxc2 37. Nf4 Kd6 38. Rxg7 Rgc8 39. Nxd3 exd3 40. Bf4+ Kd5 41. Rb1 d2 42. Rf7 Rc1 43. e4+ Nxe4 44. Bxd2 Rxb1+ 45. Kxb1 Nxd2+ 46. Ka1 Rc1# 0-1

[Event "Polanica Zdroj op 60th"]
[Site "Polanica Zdroj"]
[Date "2024.08.23"]
[Round "7"]
[White "Luba, Lukasz"]
[Black "Rylski, Tadeusz"]
[Result "1/2-1/2"]
[WhiteElo "2068"]
[BlackElo "1914"]
[PlyCount "113"]
[EventDate "2024.08.17"]
[EventType "swiss"]
[EventRounds "9"]
[EventCountry "POL"]
[SourceTitle "CBM 221 Extra"]
[Source "ChessBase"]
[SourceDate "2024.09.30"]
[SourceVersion "1"]
[SourceVersionDate "2024.09.30"]
[SourceQuality "1"]

1. Nf3 d5 2. d4 Nf6 3. c4 e6 4. Bg5 Be7 5. Nc3 0-0 6. e3 h6 7. Bf4 b6 8. g4 Ne4 9. Nxe4 dxe4 10. Nd2 Bb7 11. Qc2 Na6 12. a3 c5 13. d5 exd5 14. cxd5 Rc8 15. 0-0-0 Qxd5 16. Nc4 Qe6 17. Ne5 c4 18. Bxc4 Rxc4 19. Nxc4 Rc8 20. b3 b5 21. Rd4 bxc4 22. b4 Bxb4 23. axb4 Nxb4 24. Qb1 Nd3+ 25. Kc2 c3 26. f3 Nxf4 27. exf4 exf3 28. Qxb7 Qe2+ 29. Kb1 c2+ 30. Kc1 Qe3+ 31. Rd2 Rd8 32. Qb4 f2 33. Kxc2 Rxd2+ 34. Qxd2 Qe4+ 35. Kb2 Qxh1 36. Qxf2 Qb7+ 37. Ka3 Kf8 38. Qd4 Qc7 39. Ka4 Kg8 40. h4 Qc2+ 41. Ka3 Qc1+ 42. Ka2 Qc7 43. Qa4 Qe7 44. h5 f5 45. gxf5 Qe2+ 46. Ka3 Qf3+ 47. Kb2 Qxh5 48. Qxa7 Qxf5 49. Qa8+ Kh7 50. Qf3 h5 51. Kc1 h4 52. Kd2 h3 53. Ke1 g5 54. Qh5+ Kg7 55. fxg5 Qe6+ 56. Kf2 Qf7+ 57. Qxf7+ 1/2-1/2

[Event "Titled Tuesday intern op 13th Aug Early"]
[Site "Chess.com INT"]
[Date "2024.08.13"]
[Round "6"]
[White "Djordjevic, Vuk D"]
[Black "Luba, Lukasz"]
[Result "1-0"]
[WhiteElo "2360"]
[BlackElo "2068"]
[PlyCount "45"]
[EventDate "2024.08.13"]
[EventType "swiss (blitz)"]
[EventRounds "11"]
[EventCountry "USA"]
[SourceTitle "EXT 2025"]
[Source "ChessBase"]
[SourceDate "2024.10.14"]
[SourceVersion "1"]
[SourceVersionDate "2024.10.14"]
[SourceQuality "1"]

1. d4 d5 2. Bf4 h6 3. e3 Nf6 4. h3 g5 5. Bh2 Bg7 6. c4 c6 7. Nc3 0-0 8. Nf3 Ne4 9. Bd3 f5 10. Be5 g4 11. Bxg7 Kxg7 12. Bxe4 fxe4 13. Ne5 gxh3 14. gxh3 Qe8 15. cxd5 cxd5 16. Nxd5 Qb5 17. Rg1+ Kh7 18. Qh5 Bf5 19. Rg6 Qa5+ 20. b4 Bxg6 21. Qxg6+ Kh8 22. Qxh6+ Kg8 23. Nxe7# 1-0

[Event "Titled Tuesday intern op 13th Aug Late"]
[Site "Chess.com INT"]
[Date "2024.08.13"]
[Round "4"]
[White "Ganzhurov, Roman"]
[Black "Luba, Lukasz"]
[Result "1/2-1/2"]
[WhiteElo "2065"]
[BlackElo "2068"]
[PlyCount "63"]
[EventDate "2024.08.13"]
[EventType "swiss (blitz)"]
[EventRounds "11"]
[EventCountry "USA"]
[SourceTitle "EXT 2025"]
[Source "ChessBase"]
[SourceDate "2024.10.14"]
[SourceVersion "1"]
[SourceVersionDate "2024.10.14"]
[SourceQuality "1"]

1. d4 g6 2. c4 Bg7 3. Nf3 d6 4. e4 Nf6 5. Nc3 0-0 6. Be2 c5 7. d5 Nbd7 8. h3 Ne5 9. Nxe5 dxe5 10. Be3 b6 11. 0-0 e6 12. Qd2 exd5 13. cxd5 Bd7 14. a4 Qe7 15. a5 Rfb8 16. Bg5 b5 17. b3 b4 18. Na4 Nxe4 19. Bxe7 Nxd2 20. Nxc5 Nxf1 21. Bxf1 Bb5 22. d6 Bf8 23. Rd1 Bxe7 24. dxe7 Bxf1 25. Kxf1 Re8 26. Rd7 f6 27. Nb7 Kf7 28. Nd8+ Kg8 29. Ne6 Kf7 30. Nd8+ Kg8 31. Ne6 Kf7 32. Nd8+ 1/2-1/2